ARRUPE JESUIT UNIVERSITY

CORONAVIRUS -STOP THE SPREAD - CLEAN,DISINFECT,COVER

The situation of children and women in Mozambique. (Record no. 130077)

MARC details
000 -LEADER
fixed length control field 01287cam a2200325 a 4500
001 - CONTROL NUMBER
control field 1613526
003 - CONTROL NUMBER IDENTIFIER
control field ARRUPE
005 - DATE AND TIME OF LATEST TRANSACTION
control field 20191126110127.0
008 - FIXED-LENGTH DATA ELEMENTS--GENERAL INFORMATION
fixed length control field 950330s1994 mz ab b i000 0 eng
010 ## - LIBRARY OF CONGRESS CONTROL NUMBER
LC control number 94981824
040 ## - CATALOGING SOURCE
Original cataloging agency DLC
Transcribing agency DLC
Modifying agency DLC
042 ## - AUTHENTICATION CODE
Authentication code lcode
043 ## - GEOGRAPHIC AREA CODE
Geographic area code f-mz---
050 00 - LIBRARY OF CONGRESS CALL NUMBER
Classification number HV801.M852
Item number S58 1994
300 ## - PHYSICAL DESCRIPTION
Other physical details ill., map ;
Dimensions 26 cm.
245 04 - TITLE STATEMENT
Title The situation of children and women in Mozambique.
Statement of responsibility, etc Mozambique Ministry of Cooperation
260 ## - PUBLICATION, DISTRIBUTION, ETC. (IMPRINT)
Place of publication, distribution, etc Maputo :
-- Govt. of Mozambique, Ministry of Cooperation :
Name of publisher, distributor, etc National Planning Commission :
-- UNICEF,
Date of publication, distribution, etc [1994]
300 ## - PHYSICAL DESCRIPTION
Extent xxv, 166 p. :
500 ## - GENERAL NOTE
General note "February 1994."
504 ## - BIBLIOGRAPHY, ETC. NOTE
Bibliography, etc Includes bibliographical references (p. [161]-165).
650 #0 - SUBJECT ADDED ENTRY--TOPICAL TERM
Topical term or geographic name as entry element Child welfare
Geographic subdivision Mozambique.
9 (RLIN) 48805
650 #0 - SUBJECT ADDED ENTRY--TOPICAL TERM
Topical term or geographic name as entry element Maternal and infant welfare
Geographic subdivision Mozambique.
9 (RLIN) 48806
650 #0 - SUBJECT ADDED ENTRY--TOPICAL TERM
Topical term or geographic name as entry element Children
General subdivision Health and hygiene
Geographic subdivision Mozambique.
9 (RLIN) 48807
650 #0 - SUBJECT ADDED ENTRY--TOPICAL TERM
Topical term or geographic name as entry element Women
General subdivision Health and hygiene
Geographic subdivision Mozambique.
9 (RLIN) 48808
710 1# - ADDED ENTRY--CORPORATE NAME
Corporate name or jurisdiction name as entry element Mozambique.
Subordinate unit Ministério da Cooperação.
9 (RLIN) 48809
710 1# - ADDED ENTRY--CORPORATE NAME
Corporate name or jurisdiction name as entry element Mozambique.
Subordinate unit Comissão Nacional do Plano.
9 (RLIN) 48810
710 2# - ADDED ENTRY--CORPORATE NAME
Corporate name or jurisdiction name as entry element UNICEF.
9 (RLIN) 34658
906 ## - LOCAL DATA ELEMENT F, LDF (RLIN)
a 7
b cbc
c origode
d 3
e ncip
f 19
g y-gencatlg
942 ## - ADDED ENTRY ELEMENTS (KOHA)
Source of classification or shelving scheme Library of Congress Classification
Koha item type Monograph ( Printed materials)
Holdings
Withdrawn status Lost status Source of classification or shelving scheme Damaged status Not for loan Collection code Home library Current library Shelving location Date acquired Total Checkouts Full call number Barcode Date last seen Price effective from Koha item type
    Library of Congress Classification     Main Collection ARRUPE LIBRARY ARRUPE LIBRARY Main Collection 26/11/2019   HV801.M852 S58 1994 46600005970 26/11/2019 26/11/2019 Monograph ( Printed materials)

 

Arrupe Library. PO Box MP320 Mt Pleasant, Harare, Zimbabwe
263 242 745411|librarian@aju.ac.zw